Bharat vibhajan ki antahkatha (Record no. 309174)

MARC details
000 -LEADER
fixed length control field 00480 a2200193 4500
005 - DATE & TIME
control field 20240529105014.0
008 - FIXED-LENGTH DATA ELEMENTS--GENERAL INFORMATION
fixed length control field 240528b |||||||| |||| 00| 0 eng d
020 ## - ISBN
International Standard Book Number 9788126318513
Price Rs. 700.00
040 ## - CATALOGING SOURCE
Original cataloging agency VIVEKANANDA LIBRARY
082 ## - DDC NUMBER
Classification number 954.029
Book Number P939B(5)
100 ## - MAIN ENTRY--PERSONAL NAME
Personal name Priyamvad
245 ## - TITLE STATEMENT
Title Bharat vibhajan ki antahkatha
250 ## - EDITION STATEMENT
Edition statement 5th
260 ## - PUBLICATION, DISTRIBUTION, ETC. (IMPRINT)
Name of publisher, distributor, etc Bharatiya Gyanpeeth
Date of publication, distribution, etc 2020
Place of publication, distribution, etc New Delhi
300 ## - PHYSICAL DESCRIPTION
Pages 590
650 ## - Subject
Subject History-India
650 ## - Subject
Subject India-History
942 ## - ADDED ENTRY ELEMENTS (KOHA)
Koha item type Books
Holdings
Withdrawn status Lost status Source of classification or shelving scheme Damaged status Not for loan Location (home branch) Sublocation or collection (holding branch) Date acquired Koha issues (times borrowed) Koha full call number Accession No. Koha date last seen Koha item type
    Dewey Decimal Classification     VIVEKANANDA LIBRARY VIVEKANANDA LIBRARY 20/01/2024   954.029 PV939B(5) 408729 20/01/2024 Books
© Designed and Maintained by Vivekananda Library, MDU Rohtak